Music Quiz

Random Music Quiz

Mixnine finalist (boys) Quiz Stats

 Plays Quiz not verified by Sporcle

Support Sporcle.
Go Orange.
Score 0/9 Timer 04:00
0 Plays Today
% Correct
Jinyoung
100%
Hyojin
100%
Rubin
87%
Hyunsuk
87%
Hangyeom
82.6%
Minseok
82.6%
Donghun
82.6%
Byungkwan
69.6%
Byoung gon
60.9%

You're not logged in!

Compare scores with friends on all Sporcle quizzes.
OR
Log In

From the Vault

Figure Out the Lyrics: TV Theme X

by BGCollector

Feel free to sing along out loud once you figure out what this mystery TV theme song is.
Remove Ads.
Support Sporcle.
Get the best of Sporcle when you Go Orange. This ad-free experience offers more features, more stats, and more fun while also helping to support Sporcle. Thank you for becoming a member.

Show Comments

Extras

Created Feb 7, 2018ReportNominate
Tags:Boy, finalist

Top Quizzes Today


Score Distribution

Your Account Isn't Verified!

In order to create a playlist on Sporcle, you need to verify the email address you used during registration. Go to your Sporcle Settings to finish the process.

Report this User

Report this user for behavior that violates our Community Guidelines.

Details: